| 000 | 00530nam a22001937a 4500 | ||
|---|---|---|---|
| 999 |
_c20726 _d20726 |
||
| 003 | OSt | ||
| 005 | 20210317093828.0 | ||
| 008 | 170113b xxu||||| |||| 00| 0 eng d | ||
| 020 | _a0075514168 | ||
| 040 |
_aMMU _beng _cMMU _dMMU |
||
| 050 | _aPE1471 .B36 1993 | ||
| 100 | _aBarker- Sandbrook,Judith | ||
| 245 |
_aThinking through essay / _cJudith Barker -Sandbrook |
||
| 250 | _a2nd ed. | ||
| 260 |
_aToronto : _bMcGraw Hill Ryerson, _c1993. |
||
| 300 | _a339 p. : | ||
| 650 |
_aEnglish language _9470 |
||
| 942 |
_2lcc _cLOAN LOAN |
||